000 00338nam a22001217a 4500
008 190311b xxu||||| |||| 00| 0 eng d
041 _aeng
080 _a043.3
100 _a0
101 _aSHKI-BA
245 _aPrespektiva e një zhvilluesi: Bootstrap dhe Tailwind për web zhvillimin modern në front-end
_cDrejta,A
942 _2udc
_cBK
999 _c54689
_d54689